| 000 | 00611nam a2200181 4500 | ||
|---|---|---|---|
| 005 | 20260327225535.0 | ||
| 008 | 2022 639-1 18-21 | ||
| 020 | _a9789929544673 | ||
| 040 |
_aBiblioteca LadoV Teorética _cBiblioteca LadoV Teorética _erda |
||
| 082 | 0 | 4 |
_a704.949126 _bO668 |
| 100 | 1 | _aOrellana Pineda, Wilfredo | |
| 245 | 1 | 0 |
_aMonstraciones : _bSociopoéticas, arte y haceres humanos _cpor Wilfredo Orellana Pineda |
| 260 |
_aGuatemala _bEditorial Cara Parens _c2022 |
||
| 300 |
_a105 páginas _balgunas fotografías a color |
||
| 490 | 0 | _aColección Monografías | |
| 650 | 1 | 4 | _aArte y filosofía |
| 942 |
_2ddc _c1 _n0 |
||
| 999 |
_c4612 _d4612 |
||